Historia de la joven prensa musical / (Record no. 15301)
[ view plain ]
| 000 -CABECERA | |
|---|---|
| campo de control de longitud fija | 00782cam a2200253 a 4500 |
| 001 - NÚMERO DE CONTROL | |
| campo de control | 000015751 |
| 005 - FECHA Y HORA DE LA ÚLTIMA TRANSACCIÓN | |
| campo de control | 20200929164136.0 |
| 008 - DATOS DE LONGITUD FIJA--INFORMACIÓN GENERAL | |
| campo de control de longitud fija | 890104s1976 sp 001 0 spa d |
| 020 ## - NÚMERO INTERNACIONAL ESTÁNDAR DEL LIBRO | |
| Número Internacional Estándar del Libro | 8432503290 |
| 035 ## - NÚMERO DE CONTROL DEL SISTEMA | |
| Número de control de sistema | (DLC) 89100799 |
| 040 ## - FUENTE DE LA CATALOGACIÓN | |
| Centro catalogador/agencia de origen | DO-SdBNP |
| Centro/agencia transcriptor | DLC |
| Centro/agencia modificador | DLC |
| 082 ## - NÚMERO DE LA CLASIFICACIÓN DECIMAL DEWEY | |
| Número de clasificación | 070.579409 |
| Número de documento/Ítem | G984h |
| 049 ## - FONDOS LOCALES (OCLC) | |
| Fondos de biblioteca | BNGR |
| 100 1# - ENTRADA PRINCIPAL--NOMBRE DE PERSONA | |
| Nombre de persona | Gutiérrez Espada, José Luis. |
| 9 (RLIN) | 35436 |
| 245 10 - MENCIÓN DE TÍTULO | |
| Título | Historia de la joven prensa musical / |
| Mención de responsabilidad, etc. | José Luis Gutiérrez Espada. |
| 260 ## - PUBLICACIÓN, DISTRIBUCIÓN, ETC. | |
| Lugar de publicación, distribución, etc. | Madrid : |
| Nombre del editor, distribuidor, etc. | Doncel, |
| Fecha de publicación, distribución, etc. | 1976. |
| 300 ## - DESCRIPCIÓN FÍSICA | |
| Extensión | 200 p. ; |
| Dimensiones | 19 cm. |
| 490 1# - MENCIÓN DE SERIE | |
| Mención de serie | El Libro de bolsillo doncel |
| Designación de volumen o secuencia | 122 |
| 650 #4 - PUNTO DE ACCESO ADICIONAL DE MATERIA--TÉRMINO DE MATERIA | |
| Término de materia o nombre geográfico como elemento de entrada | Periodismo |
| 9 (RLIN) | 29 |
| 650 #4 - PUNTO DE ACCESO ADICIONAL DE MATERIA--TÉRMINO DE MATERIA | |
| Término de materia o nombre geográfico como elemento de entrada | Música |
| Subdivisión general | Historia y crítica |
| 9 (RLIN) | 947 |
| 653 0# - TÉRMINO DE INDIZACIÓN--NO CONTROLADO | |
| Término no controlado | Musical press |
| 830 #0 - PUNTO DE ACCESO ADICIONAL DE SERIE-TÍTULO UNIFORME | |
| Título uniforme | El Libro de bolsillo doncel ; |
| Designación de volumen o secuencia | 122 |
| 9 (RLIN) | 8628 |
| 910 ## - DATOS DE OPCIÓN DEL USUARIO (OCLC) | |
| Datos de opción del usuario | Catalogación por copia / LC |
| Estado de retiro | Estado de pérdida | Restricciones de uso | No para préstamo | Código de colección | Localización permanente | Ubicación/localización actual | Ubicación en estantería | Fecha de adquisición | Número de inventario | Total de préstamos | Signatura topográfica completa | Código de barras | Fecha visto por última vez | Precio válido a partir de | Tipo de ítem Koha | Número de copia |
|---|---|---|---|---|---|---|---|---|---|---|---|---|---|---|---|---|
| Préstamo interno | Monografías: Libros y Folletos | General | General | En catalogación | 17.02.2010 | LF1 | 070.579409 G984h | 15751-10 | 25.06.2020 | 25.06.2020 | Préstamo interno | |||||
| Préstamo interno | Préstamo restrigido | Monografías: Libros y Folletos | General | General | En catalogación | 17.02.2010 | LF1 | 070.579409 G984h | 15751-20 | 25.06.2020 | 25.06.2020 | Préstamo interno | e.2 | |||
| Préstamo interno | Monografías: Libros y Folletos | General | General | En catalogación | 17.02.2010 | LF1 | 070.579409 G984h | 15751-30 | 25.06.2020 | 25.06.2020 | Préstamo interno | e.3 |
